000 01272nam a2200325Ia 4500
001 ebr10290037
003 CaPaEBR
006 m u
007 cr cn|||||||||
008 090108s2009 dcua sb i000 0 eng d
010 _z 2009000084
020 _z9780821378908
020 _z0821378902
020 _z9780821379028 (electronic)
020 _z082137902X (electronic)
040 _aCaPaEBR
_cCaPaEBR
035 _a(OCoLC)568279708
050 1 4 _aK5107
_b.S76 2009eb
245 0 0 _aStolen asset recovery
_h[electronic resource] :
_ba good practices guide for non-conviction based asset forfeiture /
_cTheodore S. Greenberg ... [et al.].
260 _aWashington D.C. :
_bWorld Bank :
_bStAR,
_cc2009.
300 _axx, 258 p. :
_bill.
504 _aIncludes bibliographical references.
533 _aElectronic reproduction.
_bPalo Alto, Calif. :
_cebrary,
_d2009.
_nAvailable via World Wide Web.
_nAccess may be limited to ebrary affiliated libraries.
650 0 _aForfeiture.
650 0 _aFines (Penalties)
655 7 _aElectronic books.
_2local
700 1 _aGreenberg, Theodore S.
710 2 _aebrary, Inc.
856 4 0 _uhttp://site.ebrary.com/lib/rucke/Doc?id=10290037
_zAn electronic book accessible through the World Wide Web; click to view
999 _c72905
_d72905